Livro

Poder, política y estado

Na minha lista:
Detalhes bibliográficos
Autor principal: Heller, Claude
Formato: Livro
Idioma:espanhol
Publicado em: México : Edicol, 1976
coleção:Anuies: temas básicos
Assuntos:

MARC

LEADER 00000nam#a2200000#a#4500
001 006045
005 20160721143826.0
008 010320s1976####mx##################spa#d
040 |a AR-beUNQ 
099 |a 01-H38 
100 1 |a Heller, Claude 
245 0 2 |a Poder, política y estado  |c Claude Heller. 
260 |a México :  |b Edicol,  |c 1976 
300 |a 119 p 
490 0 |a Anuies: temas básicos 
650 7 |a POLITICA  |2 Spines 
650 7 |a PARTIDOS POLITICOS  |2 Spines 
650 7 |a PODER POLITICO  |2 Spines 
650 7 |a SISTEMAS POLITICOS  |2 Spines 
650 7 |a ESTADO  |2 toit 
929 |a COMPRA  |b César Peon  |d 4,00E  |e 19991207  |f patrimonio  |j 26337 
942 |c LIB  |n 0 
999 |c 8796  |d 84183